| 000 | 00630nam a2200217Ia 4500 | ||
|---|---|---|---|
| 005 | 20260429112011.0 | ||
| 008 | 260429s9999||||xx |||||||||||||| ||und|| | ||
| 020 | _a9781032657196 | ||
| 041 | _aEnglish | ||
| 082 |
_a371.26 _bLAF |
||
| 100 | _aLafferty, Kate | ||
| 245 | 0 |
_aCompetency-based assessment : _bevidence-based insights and strategies for educators / _cKate Lafferty |
|
| 250 | _a1st ed. | ||
| 260 |
_aNew Delhi : _bRoutledge, _c2025. |
||
| 300 | _ax, 128 p.; pbk | ||
| 650 | _a Assessment | ||
| 650 | _a Learning outcomes | ||
| 650 | _aCompetency-based education | ||
| 700 | _a Barnes, Melissa | ||
| 942 | _cTB | ||
| 999 |
_c51824 _d51824 |
||